[Event "Women's Speed Chess Q2"]
[Site "chess.com INT"]
[Date "2020.06.19"]
[Round "12"]
[White "Mrudul, Dehankar"]
[Black "Skuhala, Barbara"]
[Result "1-0"]
[WhiteTitle "WIM"]
[BlackTitle "WFM"]
[WhiteElo "2256"]
[BlackElo "2095"]
[WhiteFideId "25096990"]
[BlackFideId "14605465"]
[EventDate "2020.06.19"]

1. e4 c5 2. Nf3 d6 3. d4 cxd4 4. Nxd4 Nf6 5. Nc3 a6 6. Bg5 e6 7. f4 Qb6 8. a3
Bd7 9. Bh4 Nc6 10. Bf2 Qc7 11. Nb3 Be7 12. Qf3 O-O 13. g4 Rac8 14. O-O-O e5 15.
f5 h6 16. h4 Nh7 17. Nd5 Qd8 18. Bb6 Qe8 19. Nxe7+ Qxe7 20. Be3 b5 21. g5 b4 22.
a4 Nd4 23. Nxd4 exd4 24. Bxd4 Bxa4 25. Bd3 b3 26. gxh6 bxc2 27. Rdg1 g5 28. hxg5
d5 29. g6 Nf6 30. h7+ Kg7 31. e5 1-0

[Event "Women's Speed Chess Q2"]
[Site "chess.com INT"]
[Date "2020.06.19"]
[Round "12"]
[White "Huda, Maryana"]
[Black "Kaya, Emel"]
[Result "1-0"]
[WhiteTitle "WGM"]
[BlackTitle "WCM"]
[WhiteElo "2128"]
[BlackElo "1912"]
[WhiteFideId "14116553"]
[BlackFideId "6306411"]
[EventDate "2020.06.19"]

1. e4 c5 2. Nf3 g6 3. d4 cxd4 4. Nxd4 Bg7 5. c4 Nc6 6. Be3 Nf6 7. Nc3 O-O 8. Be2
b6 9. f3 Bb7 10. Qd2 e6 11. Ndb5 d5 12. cxd5 exd5 13. exd5 Nb4 14. O-O Nfxd5 15.
Bd4 Bxd4+ 16. Nxd4 Nxc3 17. bxc3 Nd5 18. Rfd1 Qf6 19. Bf1 Rfd8 20. Rac1 Rac8 21.
a4 Nf4 22. Kh1 Ne6 23. a5 Nxd4 24. cxd4 Rxc1 25. Qxc1 Rxd4 26. Re1 bxa5 27. Qc7
Rb4 28. Re8+ Kg7 29. Qc5 Qa1 30. Qf8+ Kf6 31. Qh8+ Kg5 32. Qxa1 1-0

[Event "Women's Speed Chess Q2"]
[Site "chess.com INT"]
[Date "2020.06.19"]
[Round "12"]
[White "Chitlange, Sakshi"]
[Black "Daulyte-Cornette, Deimante"]
[Result "0-1"]
[WhiteTitle "WIM"]
[BlackTitle "IM"]
[WhiteElo "2167"]
[BlackElo "2400"]
[WhiteFideId "35002899"]
[BlackFideId "12802859"]
[EventDate "2020.06.19"]

1. d4 Nf6 2. c4 b6 3. Nc3 Bb7 4. d5 e6 5. a3 Bd6 6. e4 Be5 7. Bd3 Bxc3+ 8. bxc3
exd5 9. cxd5 Qe7 10. Qe2 c6 11. c4 b5 12. cxb5 cxd5 13. e5 Ne4 14. Nf3 O-O 15.
O-O a6 16. Bb2 axb5 17. Bxb5 Na6 18. Nd4 Nc7 19. Bd3 Ne6 20. Nf5 Qg5 21. Qf3 Nf4
22. Nd4 Nd2 23. Qg3 Qxg3 24. hxg3 Nxd3 25. Rfd1 Nxb2 26. Rxd2 Nc4 27. Rd3 Nxe5
28. Rb3 Bc6 29. f4 Nc4 30. Kf2 h6 31. Kf3 Rfb8 32. Rab1 Rxb3+ 33. Rxb3 Rxa3 34.
Rxa3 Nxa3 35. Ke3 Nc4+ 36. Kd3 Kf8 37. Kc3 Ne3 38. Kb4 Nxg2 39. Kc5 Ke7 40.
Nxc6+ dxc6 41. Kxc6 d4 42. Kd5 d3 43. Ke4 d2 44. Kf3 d1=Q+ 45. Kxg2 Qg4 46. Kf2
h5 0-1

[Event "Women's Speed Chess Q2"]
[Site "chess.com INT"]
[Date "2020.06.19"]
[Round "12"]
[White "Franco Valencia, Beatriz Irene"]
[Black "Berzina, Ilze"]
[Result "0-1"]
[WhiteTitle "WGM"]
[BlackTitle "WGM"]
[WhiteElo "2103"]
[BlackElo "2192"]
[WhiteFideId "4402618"]
[BlackFideId "11601345"]
[EventDate "2020.06.19"]

1. d4 d5 2. c4 c6 3. cxd5 cxd5 4. Bf4 Nc6 5. Nc3 Nf6 6. e3 a6 7. Bd3 Bg4 8. f3
Bh5 9. Nge2 e6 10. Rc1 Bd6 11. O-O O-O 12. Bxd6 Qxd6 13. Nf4 Bg6 14. Nxg6 hxg6
15. Na4 Rac8 16. Nc5 Qe7 17. Qe2 e5 18. Nb3 e4 19. Bb1 exf3 20. Rxf3 Rfe8 21.
Rcf1 Qd6 22. Qf2 Rc7 23. Qh4 Rce7 24. Rh3 Kf8 25. Qh8+ Ng8 26. Rh7 f5 27. Bxf5
Rf7 28. Nc5 gxf5 29. Rxf5 Qg6 30. Nd7+ Ke7 31. Rxf7+ Kxf7 32. Rh3 Nf6 33. Qh4
Nxd7 34. Rf3+ Nf6 35. h3 Re4 36. Qe1 Nxd4 37. Rg3 Qxg3 0-1

[Event "Women's Speed Chess Q2"]
[Site "chess.com INT"]
[Date "2020.06.19"]
[Round "12"]
[White "Khalafova, Narmin"]
[Black "Tereladze, Sopiko"]
[Result "1-0"]
[WhiteTitle "WGM"]
[BlackTitle "WIM"]
[WhiteElo "2279"]
[BlackElo "2141"]
[WhiteFideId "13402625"]
[BlackFideId "13600486"]
[EventDate "2020.06.19"]

1. e4 e5 2. Nf3 Nc6 3. Bb5 a6 4. Ba4 Nf6 5. d3 b5 6. Bb3 Be7 7. O-O O-O 8. a4 b4
9. Nbd2 Bc5 10. Nc4 d6 11. h3 Nd4 12. Nxd4 Bxd4 13. Bd2 Be6 14. Bxb4 Bxc4 15.
Bxc4 Bxb2 16. Rb1 Bd4 17. c3 Bb6 18. a5 Ba7 19. Bxa6 Bxf2+ 20. Rxf2 Rxa6 21. c4
h6 22. Bc3 Nh7 23. Rb7 Ng5 24. c5 Ne6 25. cxd6 Rxd6 26. Bxe5 Rxd3 27. Qg4 Rd1+
28. Kh2 Ng5 29. Rxc7 Re8 30. Rfxf7 Rxe5 31. Rxg7+ Kh8 32. Rh7+ Kg8 33. Rcg7+ Kf8
34. Qf4+ 1-0

[Event "Women's Speed Chess Q2"]
[Site "chess.com INT"]
[Date "2020.06.19"]
[Round "12"]
[White "Petrova, Irina"]
[Black "Tania, Sachdev"]
[Result "1-0"]
[WhiteTitle "WIM"]
[BlackTitle "IM"]
[WhiteElo "2087"]
[BlackElo "2392"]
[WhiteFideId "14124122"]
[BlackFideId "5007844"]
[EventDate "2020.06.19"]

1. d4 Nf6 2. Bg5 d5 3. Nc3 g6 4. Qd2 Bg7 5. Bh6 Bxh6 6. Qxh6 Bf5 7. O-O-O Nc6 8.
f3 Qd7 9. g4 Be6 10. e4 O-O-O 11. e5 Ne8 12. Bb5 a6 13. Ba4 f6 14. Nge2 Kb8 15.
h3 Qc8 16. Bxc6 bxc6 17. Na4 g5 18. f4 Rg8 19. f5 Bxf5 20. gxf5 Qxf5 21. Rhf1
Qe4 22. Qh5 fxe5 23. dxe5 Qxa4 24. Kb1 Qe4 25. Nd4 Kb7 26. Ne6 Rb8 27. Nc5+ Ka8
28. Nxe4 dxe4 29. Qe2 Ng7 30. Qxa6# 1-0

[Event "Women's Speed Chess Q2"]
[Site "chess.com INT"]
[Date "2020.06.19"]
[Round "12"]
[White "Kiran, Manisha Mohanty"]
[Black "Diakonova, Ekaterina"]
[Result "1-0"]
[WhiteTitle "WGM"]
[WhiteElo "2168"]
[BlackElo "2209"]
[WhiteFideId "5019575"]
[BlackFideId "24172936"]
[EventDate "2020.06.19"]

1. e4 c6 2. d4 d5 3. e5 Bf5 4. h4 h5 5. c4 e6 6. Nc3 Ne7 7. Nge2 dxc4 8. Ng3 Bg6
9. Bxc4 Nd7 10. Bg5 Nb6 11. Bb3 Qd7 12. Nge4 Ned5 13. O-O Nxc3 14. Nxc3 Be7 15.
Bc2 Bxg5 16. Bxg6 Bxh4 17. Bc2 Rd8 18. Ne4 Be7 19. Qf3 Qxd4 20. Qg3 O-O 21. Rad1
Qxb2 22. Bb1 Nc4 23. f4 Qa3 24. Qh2 Qe3+ 25. Kh1 g6 26. Rde1 Qa3 27. Rf3 Qb4 28.
Ref1 Nd2 29. Nxd2 Rxd2 30. Rg3 h4 31. Rg4 Qc4 32. Rg1 Qe2 33. Qh3 Rfd8 34. Bxg6
fxg6 35. Rxg6+ Kf8 36. Qxe6 1-0

[Event "Women's Speed Chess Q2"]
[Site "chess.com INT"]
[Date "2020.06.19"]
[Round "12"]
[White "Enkhtuul, Altan-Ulzii"]
[Black "Kovanova, Baira"]
[Result "0-1"]
[WhiteTitle "WGM"]
[BlackTitle "WGM"]
[WhiteElo "2228"]
[BlackElo "2343"]
[WhiteFideId "4901444"]
[BlackFideId "4164083"]
[EventDate "2020.06.19"]

1. d4 Nf6 2. Nf3 e6 3. c4 Bb4+ 4. Bd2 Bxd2+ 5. Nbxd2 d6 6. g3 O-O 7. Bg2 Nc6 8.
O-O e5 9. d5 Ne7 10. Qc2 a5 11. h3 Nd7 12. b3 f5 13. e3 Nc5 14. a3 e4 15. Nd4
Ng6 16. Kh2 Ne5 17. b4 axb4 18. axb4 Rxa1 19. Rxa1 Ncd3 20. f4 exf3 21. N2xf3
Nxf3+ 22. Bxf3 Ne5 23. Bg2 Qg5 24. Re1 Re8 25. c5 h5 26. cxd6 cxd6 27. h4 Ng4+
28. Kh1 Qf6 29. Qd2 Qe5 30. e4 Qxg3 31. Nf3 fxe4 32. Ng1 Qh2# 0-1

[Event "Women's Speed Chess Q2"]
[Site "chess.com INT"]
[Date "2020.06.19"]
[Round "12"]
[White "Andriasyan, Siranush"]
[Black "Zavivaeva, Emilia"]
[Result "1-0"]
[WhiteTitle "WIM"]
[BlackTitle "WCM"]
[WhiteElo "2298"]
[BlackElo "1735"]
[WhiteFideId "13301926"]
[BlackFideId "34127531"]
[EventDate "2020.06.19"]

1. e4 c5 2. Nf3 Nc6 3. Bb5 e6 4. b3 d5 5. exd5 exd5 6. O-O Be7 7. d4 Nf6 8. dxc5
Bxc5 9. Re1+ Ne4 10. Be3 Bxe3 11. Rxe3 O-O 12. Nc3 Nxc3 13. Rxc3 Bg4 14. Rd3 a6
15. Rxd5 Qf6 16. Bxc6 bxc6 17. Rd6 Qc3 18. Rd3 Qf6 19. h3 Bf5 20. Rd6 Qc3 21.
Nd4 Bg6 22. Qe1 Qb2 23. Rd1 Rfe8 24. Qd2 Qxa2 25. Nxc6 Rac8 26. c4 h6 27. Qd5
Qxb3 28. Rxg6 Kh8 29. Rd6 f6 30. Rd7 Rg8 31. Ne7 Rb8 32. Nxg8 Rxg8 33. c5 a5 34.
Qxb3 a4 35. Qxa4 1-0

[Event "Women's Speed Chess Q2"]
[Site "chess.com INT"]
[Date "2020.06.19"]
[Round "12"]
[White "Kiolbasa, Oliwia"]
[Black "Ziegenfuss, Antonia"]
[Result "1-0"]
[WhiteTitle "WIM"]
[BlackTitle "WFM"]
[WhiteElo "2160"]
[BlackElo "2101"]
[WhiteFideId "1154613"]
[BlackFideId "12962554"]
[EventDate "2020.06.19"]

1. e4 c5 2. Nf3 Nf6 3. e5 Nd5 4. Nc3 Nxc3 5. dxc3 Nc6 6. Bc4 e6 7. Bf4 h6 8. O-O
Qc7 9. Re1 b6 10. a4 Bb7 11. Qd3 O-O-O 12. Ba6 Bxa6 13. Qxa6+ Kb8 14. Reb1 d5
15. exd6 Bxd6 16. Bxd6 Rxd6 17. a5 Nxa5 18. b4 cxb4 19. Nd4 Qb7 20. Rxa5 bxa5
21. Qxd6+ Ka8 22. cxb4 Rc8 23. b5 Qd5 24. Qxd5+ exd5 25. Nc6 a6 26. Nxa5 axb5
27. Rb2 d4 28. Kf1 Ka7 29. Ke2 Kb6 30. Nb3 1-0

[Event "Women's Speed Chess Q2"]
[Site "chess.com INT"]
[Date "2020.06.19"]
[Round "12"]
[White "Schulze, Lara"]
[Black "Shpanko, Nadiia"]
[Result "0-1"]
[WhiteTitle "FM"]
[BlackTitle "WIM"]
[WhiteElo "2314"]
[BlackElo "2235"]
[WhiteFideId "12956830"]
[BlackFideId "14132400"]
[EventDate "2020.06.19"]

1. e4 c5 2. Nf3 d6 3. d4 cxd4 4. Nxd4 Nf6 5. Nc3 a6 6. f3 e6 7. Be3 Nbd7 8. Qd2
b5 9. a4 b4 10. Na2 d5 11. Nxb4 dxe4 12. Ndc6 Qc7 13. a5 Bb7 14. Nd4 exf3 15.
gxf3 Ne5 16. Be2 Nc4 17. Bxc4 Qxc4 18. Nd3 Bd6 19. O-O O-O 20. b3 Qc7 21. c4
Rfd8 22. Qf2 Qe7 23. Nb2 Be5 24. Rad1 Qb4 25. Nd3 Qxa5 26. Ra1 Qc7 27. Nxe5 Qxe5
28. Kh1 Ng4 0-1

[Event "Women's Speed Chess Q2"]
[Site "chess.com INT"]
[Date "2020.06.19"]
[Round "12"]
[White "Shvedova, Alexandra"]
[Black "Buksa, Nataliya"]
[Result "0-1"]
[WhiteTitle "WFM"]
[BlackTitle "IM"]
[WhiteElo "1994"]
[BlackElo "2410"]
[WhiteFideId "54154782"]
[BlackFideId "14123622"]
[EventDate "2020.06.19"]

1. e4 c5 2. Nf3 Nc6 3. d4 cxd4 4. Nxd4 e5 5. Nb5 d6 6. N1c3 a6 7. Na3 Be7 8. Nd5
Nf6 9. Nxe7 Qxe7 10. f3 O-O 11. Be2 Be6 12. O-O d5 13. exd5 Nxd5 14. c3 b5 15.
Nc2 Rad8 16. Qe1 f5 17. Ne3 Nxe3 18. Bxe3 f4 19. Bf2 Rd7 20. Bd1 Bc4 21. Be2 Bf7
22. Bd1 Qd6 23. Bc2 Qd2 24. Qe4 Bg6 25. Bb3+ Kh8 26. Qxc6 Rd6 27. Qc5 Rdd8 28.
Rad1 Qxb2 29. Rxd8 Rxd8 30. Qe7 Re8 31. Qd7 Qxc3 32. Rd1 h6 33. h4 Kh7 34. Bf7
Bxf7 35. Qxf7 Qc6 36. Rd7 Rg8 37. Rc7 Qd6 38. Bc5 Qd1+ 39. Kh2 Qe1 40. Qf5+ Kh8
41. Qg4 Qc3 42. Bd6 Qd4 43. Bf8 e4 44. fxe4 Rxf8 45. Rd7 Qe5 46. h5 f3+ 47. Kh3
f2 48. Rd1 f1=Q 49. Rxf1 Rxf1 50. Qc8+ Kh7 51. Qg4 Rh1# 0-1

[Event "Women's Speed Chess Q2"]
[Site "chess.com INT"]
[Date "2020.06.19"]
[Round "12"]
[White "Keetman, Maaike"]
[Black "Charochkina, Daria"]
[Result "1-0"]
[WhiteTitle "WFM"]
[BlackTitle "IM"]
[WhiteElo "2169"]
[BlackElo "2356"]
[WhiteFideId "1033697"]
[BlackFideId "4180917"]
[EventDate "2020.06.19"]

1. e4 c5 2. Nf3 e6 3. d4 cxd4 4. Nxd4 Nc6 5. Nc3 d6 6. Nxc6 bxc6 7. g3 d5 8. Bg2
Nf6 9. O-O d4 10. Ne2 e5 11. f4 Bc5 12. Kh1 Ng4 13. fxe5 Ba6 14. e6 fxe6 15. e5
Nxe5 16. Bf4 Qd6 17. Bxe5 Qxe5 18. Bxc6+ Ke7 19. Re1 Qc7 20. Bg2 Bb7 21. Nxd4
Bxg2+ 22. Kxg2 Bxd4 23. Qxd4 Qxc2+ 24. Kg1 Rhf8 25. Rac1 1-0

[Event "Women's Speed Chess Q2"]
[Site "chess.com INT"]
[Date "2020.06.19"]
[Round "12"]
[White "Kubicka, Anna"]
[Black "Socko, Monika"]
[Result "1/2-1/2"]
[WhiteTitle "WIM"]
[BlackTitle "GM"]
[WhiteElo "2256"]
[BlackElo "2428"]
[WhiteFideId "1152254"]
[BlackFideId "1106619"]
[EventDate "2020.06.19"]

1. e4 e6 2. d4 d5 3. Bd3 dxe4 4. Bxe4 Nf6 5. Bd3 Nbd7 6. Nf3 c5 7. O-O Be7 8. c3
O-O 9. Nbd2 b6 10. Re1 Bb7 11. Nf1 Qc7 12. Ng3 Rad8 13. Qe2 Rfe8 14. Be3 Nd5 15.
Bd2 N7f6 16. Rad1 Nf4 17. Bxf4 Qxf4 18. Bb5 Rf8 19. Ne5 cxd4 20. cxd4 Rxd4 21.
Rxd4 Qxd4 22. Nc6 Bxc6 23. Bxc6 Rd8 24. Bf3 Bc5 25. h3 h6 26. a3 Qf4 27. Nf1 a5
28. Rd1 Rxd1 29. Qxd1 Qd4 30. Qe2 Nd5 31. Bxd5 Qxd5 32. Ne3 Bxe3 33. fxe3 Qe4
34. Kf2 g5 35. Qd2 Kg7 36. Qc3+ Kg6 37. Qb3 Qf5+ 38. Ke2 Qc5 39. Qd3+ f5 40. Qd7
Qc2+ 41. Kf3 Qe4+ 42. Kf2 g4 43. Qe8+ Kg5 44. Qe7+ Kg6 45. Qe8+ Kf6 46. Qf8+ Kg6
47. Qg8+ Kf6 48. Qf8+ Kg6 49. Qg8+ Kf6 50. Qf8+ 1/2-1/2

[Event "Women's Speed Chess Q2"]
[Site "chess.com INT"]
[Date "2020.06.19"]
[Round "12"]
[White "Vijayalakshmi, Subbaraman"]
[Black "Mamedjarova, Turkan"]
[Result "0-1"]
[WhiteTitle "IM"]
[BlackTitle "WGM"]
[WhiteElo "2332"]
[BlackElo "2309"]
[WhiteFideId "5004098"]
[BlackFideId "13402005"]
[EventDate "2020.06.19"]

1. d4 d5 2. Nf3 Nf6 3. g3 c5 4. Bg2 cxd4 5. Nxd4 e5 6. Nb3 Nc6 7. O-O Be7 8. Nc3
Be6 9. Bg5 e4 10. Nb5 O-O 11. N5d4 Bg4 12. h3 Nxd4 13. Nxd4 Bd7 14. Rc1 Qc8 15.
Kh2 Ng4+ 16. hxg4 Bxg5 17. e3 Bxg4 18. Qd2 Qd8 19. c4 Rc8 20. cxd5 Qxd5 21. Qb4
Bf6 22. Nb5 Be2 23. Nxa7 Ra8 24. Nb5 Qxb5 25. Qxb5 Bxb5 26. Rfd1 Rxa2 27. Bxe4
Rxb2 28. Kg2 g6 29. Rd6 Kg7 30. Bxb7 Bf1+ 31. Kxf1 Rxb7 32. Kg2 Rb2 33. Rdc6 Rd8
34. R1c2 Rb1 35. Kf3 h5 36. Rc7 h4 37. gxh4 Bxh4 38. Ra7 Rd6 39. Kg4 Rg1+ 40.
Kh3 Bd8 41. Kh2 Rg5 42. Kh3 Rf6 43. Rd7 Rf3+ 44. Kh2 Bf6 45. Rd1 Be5+ 0-1

[Event "Women's Speed Chess Q2"]
[Site "chess.com INT"]
[Date "2020.06.19"]
[Round "12"]
[White "Mudodo, Refiloe Hazel"]
[Black "Castillo Pena, Patricia Evarista"]
[Result "1-0"]
[WhiteTitle "WCM"]
[BlackTitle "WCM"]
[WhiteElo "1543"]
[BlackElo "1770"]
[WhiteFideId "11000821"]
[BlackFideId "6412106"]
[EventDate "2020.06.19"]

1. e4 c5 2. Nf3 d6 3. d4 cxd4 4. Nxd4 Nf6 5. f3 e5 6. Nb3 a6 7. c4 Be6 8. Nc3
Nbd7 9. Be3 Rc8 10. Nd5 Bxd5 11. cxd5 Be7 12. Qd2 O-O 13. Bd3 b5 14. O-O Nb6 15.
Rac1 Na4 16. Na5 Qd7 17. Nc6 Bd8 18. b3 Nb6 19. Rc2 Bc7 20. Rfc1 Na8 21. Qf2 Nh5
22. Qh4 Nf4 23. Bxf4 exf4 24. e5 g6 25. Ne7+ Kg7 26. Qf6+ Kh6 27. Qxf4+ g5 28.
Qf6+ Kh5 29. Nf5 Bd8 30. Qh6# 1-0

[Event "Women's Speed Chess Q2"]
[Site "chess.com INT"]
[Date "2020.06.19"]
[Round "12"]
[White "Nandhidhaa, P V"]
[Black "Rivera, Ingris"]
[Result "1-0"]
[WhiteTitle "WGM"]
[BlackTitle "WIM"]
[WhiteElo "2365"]
[BlackElo "2249"]
[WhiteFideId "5050847"]
[BlackFideId "4402472"]
[EventDate "2020.06.19"]

1. e4 c5 2. Nf3 d6 3. d4 cxd4 4. Nxd4 Nf6 5. Bc4 e6 6. Nc3 a6 7. O-O b5 8. Bd3
Bb7 9. Re1 Be7 10. a4 b4 11. Na2 O-O 12. Bd2 a5 13. c3 bxc3 14. Nxc3 Nbd7 15.
Ndb5 Nc5 16. Bc2 d5 17. e5 Nfe4 18. Nxe4 dxe4 19. Re3 Rc8 20. Bc3 Bg5 21. Rg3 e3
22. fxe3 Bh4 23. Qh5 g6 24. Rg4 Be7 25. Nd6 Bxd6 26. exd6 Qxd6 27. Qxh7+ 1-0

[Event "Women's Speed Chess Q2"]
[Site "chess.com INT"]
[Date "2020.06.19"]
[Round "12"]
[White "Solozhenkina, Elizaveta"]
[Black "Khomeriki, Nino"]
[Result "0-1"]
[WhiteTitle "WIM"]
[BlackTitle "WGM"]
[WhiteElo "2301"]
[BlackElo "2319"]
[WhiteFideId "34106615"]
[BlackFideId "13603191"]
[EventDate "2020.06.19"]

1. Nf3 d5 2. g3 c6 3. Bg2 Bg4 4. c4 e6 5. cxd5 exd5 6. O-O Nd7 7. d3 Bd6 8. Nc3
Ngf6 9. Qc2 O-O 10. e4 Re8 11. Re1 Nf8 12. Bd2 dxe4 13. dxe4 Qc7 14. Bg5 N6d7
15. Rac1 Ne6 16. Be3 Bf8 17. h3 Bh5 18. Nd4 Rad8 19. Nxe6 Rxe6 20. Nd5 Qa5 21.
Nf4 Ree8 22. Bd2 Qe5 23. Bc3 Qc5 24. b4 Qg5 25. h4 Qh6 26. Nxh5 Qxh5 27. f4 Nb6
28. Qf2 Na4 29. Bf3 Qb5 30. Bd2 Bxb4 31. Bxb4 Qxb4 32. e5 Rd2 33. Re2 Red8 34.
Rc2 Qb1+ 0-1

[Event "Women's Speed Chess Q2"]
[Site "chess.com INT"]
[Date "2020.06.19"]
[Round "12"]
[White "Sliwicka, Alicja"]
[Black "Eswaran, Ashritha"]
[Result "0-1"]
[WhiteTitle "WIM"]
[BlackTitle "WIM"]
[WhiteElo "2317"]
[BlackElo "2244"]
[WhiteFideId "1150677"]
[BlackFideId "2080788"]
[EventDate "2020.06.19"]

1. e4 c5 2. Nf3 a6 3. c4 e6 4. Nc3 d6 5. d4 cxd4 6. Nxd4 Be7 7. Be2 b6 8. O-O
Bb7 9. f3 Nf6 10. Be3 O-O 11. Qd2 Nbd7 12. a4 Qc7 13. Rfc1 Rac8 14. a5 bxa5 15.
Nb3 Qb8 16. Nxa5 Ba8 17. Na4 Bd8 18. b4 Bc7 19. h3 d5 20. exd5 exd5 21. c5 Be5
22. Rab1 Bh2+ 23. Kf1 Nh5 24. Bxa6 Ng3+ 25. Kf2 Rce8 26. Bf4 Ne4+ 27. fxe4 Bxf4
28. Qd3 Bxc1 29. Rxc1 Qf4+ 30. Qf3 Qxc1 31. c6 Bxc6 32. Nc3 dxe4 33. Qe3 Qc2+
34. Kg1 Ne5 35. Nxc6 Nxc6 36. b5 Nb4 37. Bb7 Rd8 38. Bxe4 Qd2 39. Qg3 Qd4+ 40.
Kh1 Nd3 41. Bxd3 Qxd3 42. Qe1 Rfe8 43. Qa1 Qd2 44. Qa5 Re1+ 45. Kh2 Qf4+ 0-1

[Event "Women's Speed Chess Q2"]
[Site "chess.com INT"]
[Date "2020.06.19"]
[Round "12"]
[White "Fernandez, Maria Florencia"]
[Black "Berdychevskaya, Natasha"]
[Result "1-0"]
[WhiteTitle "WIM"]
[BlackTitle "WFM"]
[WhiteElo "2229"]
[BlackElo "2208"]
[WhiteFideId "116459"]
[BlackFideId "4159322"]
[EventDate "2020.06.19"]

1. d4 d5 2. c4 c5 3. Nc3 cxd4 4. Qxd4 Nc6 5. Qxd5 Be6 6. Qb5 a6 7. Qb3 Nd4 8.
Qa4+ b5 9. cxb5 axb5 10. Qd1 Bb3 11. axb3 Rxa1 12. e3 Nc6 13. Bxb5 Qxd1+ 14.
Kxd1 Kd7 15. Kc2 Kc7 16. Bxc6 Kxc6 17. Na4 Nf6 18. Ne2 e5 19. Nec3 Bb4 20. Rd1
Rc8 21. f3 Kb7 22. e4 Rc7 23. Rd8 Nd7 24. Be3 Rh1 25. h3 Re1 26. Kd2 Ra1 27. Ke2
Nc5 28. Nd5 Nxa4 29. bxa4 Rc2+ 30. Kd3 Rxb2 31. Rd7+ Ka6 32. Ra7# 1-0

[Event "Women's Speed Chess Q2"]
[Site "chess.com INT"]
[Date "2020.06.19"]
[Round "12"]
[White "Tsukerman, Julia"]
[Black "Franco Valencia, Angela"]
[Result "1/2-1/2"]
[WhiteTitle "WCM"]
[BlackTitle "WIM"]
[WhiteElo "1523"]
[BlackElo "2089"]
[WhiteFideId "2621649"]
[BlackFideId "4403070"]
[EventDate "2020.06.19"]

1. e4 e5 2. Nf3 Nc6 3. Bb5 a6 4. Ba4 d6 5. d3 g6 6. c3 Bg7 7. O-O Ne7 8. Re1 h6
9. Nbd2 g5 10. Nf1 Ng6 11. Ng3 Nf4 12. d4 b5 13. Bb3 exd4 14. cxd4 Na5 15. Bc2
O-O 16. h4 Bg4 17. hxg5 hxg5 18. Nf5 Qf6 19. Bxf4 gxf4 20. Nxg7 Kxg7 21. Qd3 Qh6
22. Kf1 c5 23. Ke2 Nc4 24. b3 Nb6 25. dxc5 dxc5 26. Qc3+ Qf6 27. e5 Rfe8 28. Kf1
Qh6 29. e6+ f6 30. Qa5 Nd5 31. Be4 Rad8 32. Rad1 Qh5 33. Rxd5 Rxd5 34. Bxd5 Qxd5
35. Qc7+ Kh8 36. Qf7 Rxe6 37. Qf8+ Kh7 38. Qf7+ Kh6 39. Qf8+ Kh7 40. Qf7+ Kh8
41. Qf8+ Kh7 1/2-1/2

[Event "Women's Speed Chess Q2"]
[Site "chess.com INT"]
[Date "2020.06.19"]
[Round "12"]
[White "Soumya, Swaminathan"]
[Black "Anu, Bayar"]
[Result "1-0"]
[WhiteTitle "IM"]
[BlackTitle "WFM"]
[WhiteElo "2351"]
[BlackElo "2102"]
[WhiteFideId "5016193"]
[BlackFideId "4901339"]
[EventDate "2020.06.19"]

1. Nf3 c5 2. c4 Nc6 3. d4 cxd4 4. Nxd4 g6 5. Nc3 Bg7 6. e3 Nf6 7. Be2 O-O 8. O-O
d6 9. b3 a6 10. Bb2 Bd7 11. Nd5 Nxd5 12. Nxc6 bxc6 13. Bxg7 Kxg7 14. cxd5 cxd5
15. Qxd5 Be6 16. Qd4+ Kg8 17. Rac1 Qa5 18. Rc2 Rfc8 19. Qe4 Rxc2 20. Qxc2 Rc8
21. Qb2 Bf5 22. Bc4 d5 23. Qe5 Rc5 24. Qb8+ Kg7 25. b4 Qc7 26. Qxc7 Rxc7 27.
Bxd5 Bd3 28. Re1 e6 29. Bb3 Rb7 30. Rd1 Be2 31. Rd2 Bg4 32. f3 Bf5 33. e4 Bxe4
34. fxe4 Rxb4 35. Re2 a5 36. e5 a4 37. Bc2 Rb2 38. Bd3 a3 39. Rxb2 axb2 40. a4
f6 41. a5 fxe5 42. a6 Kf7 43. a7 Ke7 44. a8=Q Kd6 45. Qe4 Kc5 46. Qc4+ Kd6 47.
Qb4+ Kd7 48. Qxb2 Kc6 49. Qxe5 Kb6 50. Qb5+ Kc7 51. Be4 Kd6 52. Kf2 Ke7 53. Qe5
Kd7 54. Ke3 Ke7 55. Kd4 Kd7 56. Kc5 Ke7 57. Bd5 Kd7 58. Qxe6+ Kd8 59. Kd6 g5 60.
Qd7# 1-0

[Event "Women's Speed Chess Q2"]
[Site "chess.com INT"]
[Date "2020.06.19"]
[Round "12"]
[White "Perez Rodriguez, Jennifer"]
[Black "Mamedjarova, Zeinab"]
[Result "1/2-1/2"]
[WhiteTitle "WIM"]
[BlackTitle "WGM"]
[WhiteElo "2251"]
[BlackElo "2274"]
[WhiteFideId "3507831"]
[BlackFideId "13401521"]
[EventDate "2020.06.19"]

1. e4 e5 2. Nc3 Nc6 3. f4 Nf6 4. Nf3 exf4 5. d4 d5 6. e5 Ne4 7. Bxf4 Bb4 8. Qd3
Bf5 9. Qe3 h6 10. Bb5 g5 11. Bg3 Qe7 12. O-O Nxg3 13. hxg3 Bxc3 14. bxc3 Bxc2
15. c4 O-O 16. cxd5 Nb4 17. Bc4 b5 18. Bb3 a5 19. Rac1 Bxb3 20. Qxb3 a4 21. Qa3
Nc6 22. Qxe7 Nxe7 23. Rxc7 Nxd5 24. Rc5 Rfd8 25. Rxb5 a3 26. Rc1 Ra4 27. Rcc5
Ne3 28. Rc7 g4 29. Rb3 Nd5 30. Rcb7 gxf3 31. Rxf3 Rf8 32. Rd3 Nb4 33. Rd2 Nd5
34. Rd3 Rd8 35. Rf3 Rf8 36. Rd3 1/2-1/2

[Event "Women's Speed Chess Q2"]
[Site "chess.com INT"]
[Date "2020.06.19"]
[Round "12"]
[White "Shevtchenko, Olesya"]
[Black "Hejazipour, Mitra"]
[Result "0-1"]
[WhiteTitle "WFM"]
[BlackTitle "WGM"]
[WhiteElo "2054"]
[BlackElo "2300"]
[WhiteFideId "24131890"]
[BlackFideId "12505951"]
[EventDate "2020.06.19"]

1. e4 c5 2. Nf3 Nc6 3. d4 cxd4 4. Nxd4 e6 5. Nc3 a6 6. Qd3 Nf6 7. Nxc6 bxc6 8.
Qg3 d5 9. Bd3 Be7 10. Qxg7 Rg8 11. Qh6 Rxg2 12. e5 Nd7 13. Bf4 Nf8 14. O-O-O
Rxf2 15. Rdf1 Rxf4 16. Qxf4 Bg5 17. Kb1 Bxf4 18. Rxf4 Ng6 19. Bxg6 hxg6 20. Rhf1
Ra7 21. Na4 Qa5 22. b3 c5 23. c4 dxc4 24. Rxc4 Qd2 25. Nxc5 Rc7 26. Rfc1 Bd7 27.
R1c2 Qe1+ 28. Rc1 Qxe5 29. Nd3 Qf5 30. Rxc7 Qxd3+ 31. Kb2 e5 32. R7c4 Bf5 33. h4
e4 34. h5 gxh5 35. R4c3 Qd4 36. Ka3 e3 37. Rc4 Qd6+ 38. Ka4 Bd7+ 39. Ka5 e2 40.
Re4+ Kf8 41. Rcc4 e1=Q+ 42. Rxe1 Qd2+ 43. Kxa6 Qxe1 44. Rc7 Be6 45. b4 Qxb4 46.
a4 Qxa4+ 47. Kb7 Qb5+ 48. Ka7 h4 49. Rb7 Qa5+ 50. Kb8 Bd5 51. Rc7 Qa8# 0-1